000 00354nam a2200145Ia 4500
005 20251222143142.0
008 251222s9999||||xx |||||||||||||| ||spa||
020 _a968-44-468-6
082 _a529.2/M48
100 _aMeyers, Fred E.
245 0 _aEstudios de Tiempos y Movimientos:
250 _a2a. ed.
264 _bPearson Educación
942 _cLIB
999 _c12352
_d12352